000 03754nam a2200325 a 4500
003 OSt
005 20251002144854.0
007 cr ||||||a|a|a
008 250908s2025 mx a|||fom||| 001 0 spa d
040 _erda
100 1 _aBautista Pérez, Yuri Viridiana
_9191023
245 1 0 _aInfluencia del cuerpo lúteo en la producción in vitro de embriones ovinos /
_cpor Yuri Viridiana Bautista Pérez; director de tesis Alfredo Lorenzo Torres; secretario Raymundo Rangel Santos; vocal Ricardo Emmanuel Martínez Rocha, suplente José Manuel Hernández Hernández; suplente Juan González Maldonado.
264 1 _aChapingo, México :
_bEl autor,
_c2025.
300 _a1 recurso en línea (43 páginas):
_bcuadros, figuras.
336 _2rdacontent
_atexto
_btxt
337 _2rdamedia
_acomputadora
_bc
338 _2rdacarrier
_arecurso en línea
_bcr
502 _bIAEZ
_cZootecnía
_d2025.
_gLIC
504 _aIncluye referencias bibliográficas: páginas 27-33.
520 _aEl cuerpo lúteo (CL) es una glándula transitoria que puede influir directamente en la dinámica folicular y calidad de ovocitos. El objetivo del presente estudio fue evaluar la influencia de la ausencia o presencia de un CL Chico, Mediano o Grande en ovarios de ovejas sacrificadas en rastro, sobre la producción de embriones in vitro. Los ovarios se clasificaron en cuatro grupos experimentales, Sin CL, presencia de un CL Chico (≤3 mm), CL Mediano (4-8 mm) o CL Grande (>8 mm) utilizando un vernier para determinar el diámetro. Los ovocitos se colectaron y maduraron en medio TCM 199, más hormonas y suero fetal bovino. La fecundación se realizó con semen fresco de un semental Katahdin de fertilidad conocida. El desarrollo embrionario se realizó en medios comerciales utilizando medios secuenciales durante 72 y 96 h, hasta la etapa de blastocisto. El análisis estadístico de los datos de las variables número de folículos presentes en ovarios y número de ovocitos colectados, se realizó con GLIMMIX de SAS (versión 9.1.3), considerando una distribución Poisson. El número de mórulas, blastocistos y la capacidad de eclosión se analizaron con el mismo procedimiento, pero considerando una distribución binomial; y en el caso del diámetro de blastocistos se utilizó el procedimiento GLM, asumiendo una distribución normal. Para la prueba entre medias se utilizó ESTIMATE con p<0.05. El número de folículos y el número de ovocitos estuvieron influenciados por la presencia del CL, siendo mayor (p<0.05) en el grupo de CL Grande (5.51 ± 0.33 y 3.62 ± 0.27) comparados con el grupo Sin CL (4.54 ± 0.19 y 2.62 ± 0.14; respectivamente), sin diferencias entre el tamaño de CL. Asimismo, en el grupo de ovarios con CL Grande se obtuvo 9% más (p<0.05) de mórulas y 13% más de blastocistos, comparado con el grupo Sin CL. Mientras que en la capacidad de eclosión y diámetro de blastocistos no se evidenció diferencia estadística (p>0.05). En conclusión, la presencia de un cuerpo lúteo grande en los ovarios de ovejas sacrificadas en rastro mejoró la eficiencia en la producción de embriones in vitro, bajo las condiciones en las que se desarrolló el presente estudio.
650 4 _aOvarios
_xFisiología
_9191331
650 4 _aGanado lanar
_xFertilidad
_9139266
700 1 _aLorenzo Torres, Alfredo
_9132857
_edirector.
700 1 _aRangel Santos, Raymundo
_994625
_esecretario.
700 1 _aMartínez Rocha, Ricardo Emmanuel
_9130393
_evocal.
700 1 _aHernández Hernández, José Manuel
_954143
_esuplente.
700 1 _aGonzalez Maldonado, Juan
_948642
_esuplente.
856 _zDESCARGAR PDF
_uhttp://10.13.5.2/tesis/tl/1810235-2_BAUTISTA_PEREZ_YURIVIRIDIANA.pdf
942 _2Clasificación Universidad Autónoma Chapingo
_cTD
999 _c220893
_d220893